| 000 | 00889nam a2200205 i 4500 | ||
|---|---|---|---|
| 001 | 181749 | ||
| 003 | ES-MaACL | ||
| 005 | 20230906221439.0 | ||
| 008 | 130321s1923 sp |||| | spa d | ||
| 100 | 1 |
_aCarballo, Jesús ( _d1874-1961) _9152492 |
|
| 245 | 1 | 0 |
_aExcavaciones en la Cueva del Rey en Villanueva (Santander) _b: memoria redactada / _cpor... D. Jesús Carballo. |
| 260 |
_aMadrid : _b[s.n.], _c1923 ( _fTip. de la "Revista de Arch. Bibl. y Museos") |
||
| 300 |
_a40 p., IX lám. ; _c24 cm. |
||
| 490 | 1 |
_aJunta Superior de Excavaciones y Antigüedades ; _v53 =nº9,1921-22 |
|
| 651 | 4 |
_aVillanueva (Santander)- _xRestos arqueológicos. _9152493 |
|
| 710 | 2 |
_aEspaña. _bJunta Superior de Excavaciones y Antigüedades. _9152463 |
|
| 830 | 0 |
_aJunta Superior de Excavaciones y Antigüedades ; _v53 =nº9,1921-22 _9191570 |
|
| 852 |
_aES-MaACL _jE-3371(9) |
||
| 999 |
_c181749 _d181749 |
||